| 000 | 00499nam a22001817a 4500 | ||
|---|---|---|---|
| 003 | 0 | ||
| 005 | 20231211064921.0 | ||
| 008 | 231211b xxu||||| |||| 00| 0 eng d | ||
| 020 | _a978-0-54523262-3 | ||
| 050 |
_aTR _bIlo29 2008 |
||
| 082 |
_aTR _bIlo29 2008 |
||
| 100 | _aWillems, Mo | ||
| 245 |
_aI love my new toy! _c Mo Willems |
||
| 260 |
_aNew York _bScholastic, Inc. _cc2008. |
||
| 300 |
_a57 pages : _bcolored illustrations ; _c24 cm. |
||
| 650 | _aChildren's stories. | ||
| 942 |
_2ddc _cBK |
||
| 999 |
_c365732 _d365732 |
||